| 000 | 00354nam a2200145Ia 4500 | ||
|---|---|---|---|
| 008 | 230312s9999||||xx |||||||||||||| ||und|| | ||
| 020 | _a0-7895-6185-9 | ||
| 082 |
_a004 _bCAS-D |
||
| 100 | _aKrug;Jeremy | ||
| 245 | 0 | _aMastering pro Tools Effects | |
| 260 |
_bThomson _aAustralia _c2001 |
||
| 300 | _a16.52 | ||
| 650 |
_aComputer _vComputer |
||
| 942 | _cBK | ||
| 999 |
_c15576 _d15576 |
||